000 00724nam a22002057a 4500
005 20231204143853.0
010 _aENG-137582
020 _c400.00
035 _aEN-121114
037 _aDBAD/PUB
082 _a615.52
100 _aKulkarni, P.H.
_959449
245 _aSwastha:
_bThe Eternal Life/
_cBy P.H. Kulkarni; Mugdha Bothare and Ruturaj Anil Kadam Patil
260 _aKothrud, Pune
_bDeerghayu International
_c2016
270 _a36, Kothrud Gaothan Near Mhatoba Mandir, Bodhi Vruksha, Navgraha Hanuman Mandir Kothrud, Pune - 411038
300 _a167p.
_c21cm(pbk)
700 _aMugdha Bothare
_eAuthor
_959446
700 _aRuturaj Kadam Patil
_eAuthor
_959447
942 _2ddc
_cEN
_h615.52
_mKUL
999 _c196757
_d196757